Student study guide : to accompany Applied calculus (Record no. 11941)

000 -LEADER
fixed length control field 00447nam a22001697a 4500
020 ## - INTERNATIONAL STANDARD BOOK NUMBER
International Standard Book Number 0471739243
082 ## - DEWEY DECIMAL CLASSIFICATION NUMBER
Classification number 515.076
100 ## - MAIN ENTRY--PERSONAL NAME
Personal name Hughes-Hallett, Deborah
245 ## - TITLE STATEMENT
Title Student study guide : to accompany Applied calculus
250 ## - EDITION STATEMENT
Edition statement 3rd ed.
260 ## - PUBLICATION, DISTRIBUTION, ETC.
Place of publication, distribution, etc. New York
Name of publisher, distributor, etc. John Wiley
Date of publication, distribution, etc. 2006
300 ## - PHYSICAL DESCRIPTION
Extent xii, 192 p.
Other physical details ill.:
Accompanying material 30 cm.
500 ## - GENERAL NOTE
General note Index includes.
650 ## - SUBJECT ADDED ENTRY--TOPICAL TERM
Topical term or geographic name entry element 1. Calculus
700 ## - ADDED ENTRY--PERSONAL NAME
Personal name Gleason Andrew M (et al)
942 ## - ADDED ENTRY ELEMENTS (KOHA)
Koha item type Book
Holdings
Withdrawn status Lost status Damaged status Not for loan Collection code Permanent Location Current Location Shelving location Date acquired Source of acquisition Cost, normal purchase price Total Checkouts Full call number Barcode Date last seen Price effective from Koha item type
          Central Library (CL) Central Library (CL) General Stacks 05/18/2013 Eagle Information Marketing 3592.60   515.076 HUG SEECS012354 06/20/2013 06/20/2013 Book
© 2023 Central Library, National University of Sciences and Technology. All Rights Reserved.